书目信息 |
| 题名: |
超级记忆
|
|
| 作者: | 博赞, 著 ;叶刚 译 | |
| 分册: | ||
| 出版信息: | 北京 中信出版社 2009.07 |
|
| 页数: | 225页 | |
| 开本: | 21cm | |
| 丛书名: | 思维导图系列 | |
| 单 册: | ||
| 中图分类: | B842.3 | |
| 科图分类: | ||
| 主题词: | 记忆术 | |
| 电子资源: | ||
| ISBN: | 978-7-5086-1484-7 | |
| 000 | 01001nam 2200277 450 | |
| 001 | 012010603844 | |
| 005 | 20100527152803.98 | |
| 009 | 012004369900 | |
| 010 | @a978-7-5086-1484-7@dCNY18.00 | |
| 100 | @a20100515d2009 em y0chiy0110 ea | |
| 101 | 1 | @achi@ceng |
| 102 | @aCN@b110000 | |
| 105 | @aa z 000yy | |
| 200 | 1 | @a超级记忆@Achao ji ji yi@d= Use your memory@f(英) 东尼·博赞著@F(ying)dong ni·bo zan zhu@g叶刚译@zeng |
| 210 | @a北京@c中信出版社@d2009.07 | |
| 215 | @a225页@c图@d21cm | |
| 225 | 2 | @a思维导图系列 |
| 330 | @a本书揭示了如何将记忆技巧发挥到极致的奥秘。告诉你如何记忆名字、数字、日期、表格,还有演讲、文章、诗歌,甚至整本书,并辟有专门的章节传授记忆法在牌技中的运用,如何学习新语言与应对考试,以及回忆梦境等。 | |
| 410 | 0 | @12001 @a思维导图系列 |
| 500 | 10 | @aUse your memory@mChinese |
| 606 | 0 | @a记忆术 |
| 690 | @aB842.3@v4 | |
| 701 | 0 | @a博赞,@Abo zan,@g(Buzan, Tony)@f1942-@4著 |
| 702 | 0 | @a叶刚@Aye gang@4译 |
| 801 | 0 | @aCN@c20100515 |
| 905 | @dB842.3@eB965@f3 | |
| 超级记忆= Use your memory/(英) 东尼·博赞著/叶刚译.-北京:中信出版社,2009.07 |
| 225页:图;21cm.-(思维导图系列) |
| ISBN 978-7-5086-1484-7:CNY18.00 |
| 本书揭示了如何将记忆技巧发挥到极致的奥秘。告诉你如何记忆名字、数字、日期、表格,还有演讲、文章、诗歌,甚至整本书,并辟有专门的章节传授记忆法在牌技中的运用,如何学习新语言与应对考试,以及回忆梦境等。 |
| ● |
| 相关链接 |
|
|
|
正题名:超级记忆
索取号:B842.3/B965
 
预约/预借
| 序号 | 登录号 | 条形码 | 馆藏地/架位号 | 状态 | 备注 |